Giáo trình cho sinh viên các trường, lớp dự bị Đại học : Lịch sử
Giới thiệu lịch sử Việt Nam và thế giới từ thời cổ đại cho đến nay. Nêu các sự kiện lịch sử nổi bật ở nhiều lĩnh vực như: kinh tế, chính trị, văn hoá, xã hội
Сохранить в:
| Формат: | |
|---|---|
| Язык: | Undetermined |
| Опубликовано: |
Cần Thơ
Nxb. Đại học Cần Thơ
2013
|
| Предметы: | |
| Метки: |
Добавить метку
Нет меток, Требуется 1-ая метка записи!
|
| Thư viện lưu trữ: | Trung tâm Học liệu Trường Đại học Cần Thơ |
|---|
| LEADER | 00983nam a2200205Ia 4500 | ||
|---|---|---|---|
| 001 | CTU_229767 | ||
| 008 | 210402s9999 xx 000 0 und d | ||
| 082 | |a 907 | ||
| 082 | |b Gi108 | ||
| 245 | 0 | |a Giáo trình cho sinh viên các trường, lớp dự bị Đại học : | |
| 245 | 0 | |b Lịch sử | |
| 245 | 0 | |c Dự án phát triển giáo viên THPT&TCCN. Trường Đại học Sư phạm - Đại học Huế | |
| 260 | |a Cần Thơ | ||
| 260 | |b Nxb. Đại học Cần Thơ | ||
| 260 | |c 2013 | ||
| 520 | |a Giới thiệu lịch sử Việt Nam và thế giới từ thời cổ đại cho đến nay. Nêu các sự kiện lịch sử nổi bật ở nhiều lĩnh vực như: kinh tế, chính trị, văn hoá, xã hội | ||
| 650 | |a Lịch sử,History | ||
| 650 | |x Dạy và học,Study and teaching | ||
| 910 | |b nthai | ||
| 980 | |a Trung tâm Học liệu Trường Đại học Cần Thơ | ||